书目信息 |
| 题名: |
外国新闻界概况
|
|
| 作者: | ;外国新闻界概况编辑室 编 | |
| 分册: | ||
| 出版信息: | 北京 新华出版社 1982 |
|
| 页数: | 1384页 | |
| 开本: | 21cm | |
| 丛书名: | ||
| 单 册: | ||
| 中图分类: | G219.1 , G219.11 | |
| 科图分类: | ||
| 主题词: | 新闻工作--概况--世界 , 新闻学 , 新闻工作 | |
| 电子资源: | ||
| ISBN: | ||
| 000 | 00772nam0 2200277 45 | |
| 001 | 0182003322 | |
| 005 | 20040427091126.1 | |
| 010 | @b精装@dCNY5.50 | |
| 091 | @a7203.022 | |
| 100 | @a19950413d1982 em y0chiy0121 ea | |
| 101 | 0 | @achi |
| 102 | @aCN@b110000 | |
| 105 | @ay z 000yy | |
| 106 | @ar | |
| 200 | 1 | @a外国新闻界概况@Awai guo xin wen jie gai kuang@f《外国新闻界概况》编辑室编 |
| 210 | @a北京@c新华出版社@d1982 | |
| 215 | @a1384页@d21cm | |
| 606 | 0 | @a新闻工作@x概况@y世界 |
| 606 | 0 | @a新闻学 |
| 606 | 0 | @a新闻工作 |
| 690 | @aG219.1@v3 | |
| 690 | @aG219.11 | |
| 711 | 02 | @a外国新闻界概况编辑室@Awai guo xin wen jie gai kuang bian ji shi@4编 |
| 801 | @aCN@b上海图书馆@c20040427 | |
| 801 | @aCN@bNLC@c20040427 | |
| 905 | @f1@b111597@dG219.11@e21 | |
| 外国新闻界概况/《外国新闻界概况》编辑室编.-北京:新华出版社,1982 |
| 1384页;21cm |
| ISBN (精装):CNY5.50 |
| ● |
| 相关链接 |
|
|
|
|
正题名:外国新闻界概况
索取号:G219.11/21
 
预约/预借
| 序号 | 登录号 | 条形码 | 馆藏地/架位号 | 状态 | 备注 |
| 1 | 0111597 | 000494147 | 密集书库/ [索取号:G219.11/21] | 在馆 | |
| 2 | 0111598 | 002058659 | 第一样本阅览室/ [索取号:G219.11/21] | 在馆 |